Report on the working of the Indian trade unions act, 1926 of Rajasthan for the period ending March 31st, 1958 (Record no. 496515)

000 -LEADER
fixed length control field 00408cam a22001097a 4500
008 - FIXED-LENGTH DATA ELEMENTS--GENERAL INFORMATION
fixed length control field 180718b1958 xxu||||| |||| 00| 0 eng d
082 ## - DEWEY DECIMAL CLASSIFICATION NUMBER
Classification number R803x5434 R137r/1958
100 ## - MAIN ENTRY--PERSONAL NAME
Personal name Rajasthan, Labour Department
245 ## - TITLE STATEMENT
Title Report on the working of the Indian trade unions act, 1926 of Rajasthan for the period ending March 31st, 1958
Statement of responsibility, etc. by Labour Department
260 ## - PUBLICATION, DISTRIBUTION, ETC.
Place of publication, distribution, etc. Udaipur
Name of publisher, distributor, etc. Government Press
Date of publication, distribution, etc. 1958
300 ## - PHYSICAL DESCRIPTION
Extent 85p
Holdings
Withdrawn status Lost status Damaged status Not for loan Permanent Location Current Location Date acquired Full call number Barcode Date last seen Price effective from Koha item type
        Indian Institute of Public Administration Indian Institute of Public Administration 2018-08-04 R803x5434 R137r/1958 G2245 2018-08-04 2018-08-04 G

Powered by Koha